Management inovačních aktivit

Salvato in:
Dettagli Bibliografici
Autore principale: Pitra, Zbyněk
Natura: Libro
Lingua:ceco
Pubblicazione: Praha Professional Publishing 2006
Soggetti:
Tags: Aggiungi Tag
Nessun Tag, puoi essere il primo ad aggiungerne!!

MARC

LEADER 00000nam$a2200000$$$4500
001 0054789
005 20240313090017.2
020 |a 80-86946-10-X 
041 0 |a cze 
044 |a CZ 
245 1 0 |a Management inovačních aktivit  |c Zbyněk Pitra 
264 1 |a Praha  |b Professional Publishing  |c 2006 
300 |a 438 s. 
610 2 0 |a inovácia 
610 2 0 |a podnikanie 
610 2 0 |a organizácie 
610 2 0 |a úspech pracovný 
610 2 0 |a investície 
610 2 0 |a zámery podnikateľské 
610 2 0 |a manažéri 
100 1 |a Pitra, Zbyněk